|
|
|
|
| LEADER |
00000nam a2200000 a 4500 |
| 001 |
vtls012126692 |
| 003 |
SK-MaSNL |
| 005 |
20260302024944.0 |
| 008 |
230427s1820 hu 0 0n0 lat |
| 015 |
|
|
|a SNBHFA
|
| 035 |
|
|
|a urn:nbn:sk:snk-am00ibpz
|
| 035 |
|
|
|a 5083358B-8591-4646-9E3C-2808DF7E5A5D
|
| 040 |
|
|
|a SNKHFA
|b slo
|c SNKHFA
|e AACR2
|
| 041 |
0 |
|
|a lat
|
| 044 |
|
|
|a hu
|c HU
|
| 072 |
|
7 |
|a 808
|x Literárny štýl. Literárna činnosť a technika. Efektívne využívanie jazyka. Spisovateľská činnosť
|2 konspekt
|
| 080 |
|
|
|a 808.5-055.1
|2 2011
|
| 130 |
0 |
|
|a Honoribus
|9 499357
|
| 245 |
1 |
0 |
|a Honoribus Celsissimi Ac Reverendissimi Principis Domini Alexandri De Rudna, Et Divék Ujfalu
|b Metropolitanae Ecclesiae Strigoniensis Archi Episcopi Sacrae Sedis Apostolicae Legati Nati, Incl. Regni Hungariae Primatis Summi, Et Secretarii Cancellarii, S. C. Et R. A. M. Actualis Intimi Status, Et Ad Exc. Consilium R. L. H. Consiliarii, Ecclesiasticae Commissionis Praesidis I. Comitatus Strigoniensis Perpetui, Ac Supremi Somitis, Ac Ad Excelsam Tabulam Septemviralem Co - Iudicis Die solennis Inaugurationis XVII. Kal. Junii oblatum a Regio Archi Gymnasio Jaurinensi
|
| 260 |
|
|
|a [Győr]
|b Typis Leopoldi Streibig
|c [1820]
|
| 300 |
|
|
|a [7] s.
|c 25 cm
|
| 500 |
|
|
|a Ozdobné linky
|
| 501 |
|
|
|a Prív. 59. k: ANDÁŠI, Jozef Ľudovít. Protrepticon Ad Nobilem Hungaram Gentem. Posonii : Typis Simonis petri Weber, 1805.
|5 SNK SC 60493/1-72/prív.59
|
| 510 |
4 |
|
|a Petrik
|c II/150
|
| 550 |
|
|
|a Rok vydania podľa Petrika
|
| 600 |
1 |
4 |
|a Rudnay, Alexander,
|c cirkevný hodnostár, náboženský spisovateľ,
|d 1760-1831
|9 420252
|
| 655 |
|
7 |
|a príležitostná poézia
|2 SNKPH
|9 86742
|
| 700 |
1 |
|
|a Streibig, Lipót
|4 prt
|9 673654
|
| 752 |
|
|
|a Maďarsko
|d Győr
|
| 852 |
|
|
|a Slovenská národná knižnica
|b Historické fondy
|p SC 60493/1-72/prív.59
|
| 958 |
|
|
|a DF
|
| 958 |
|
|
|a ONDV
|
| 999 |
|
|
|c 1042376
|d 1044306
|
| 952 |
|
|
|a SNK
|b SNK
|y PREZ
|7 0
|p 17A1484424
|o snkSC 60493/1-72/prív.59
|i snkF 1184/84
|8 5
|0 0
|1 0
|4 0
|d 2022-03-11
|f 1
|l 0
|r 2025-06-10 00:00:00
|w 2026-02-24
|